Financial Markets Weekly Snapshot - Week 16 (Record no. 83922)

MARC details
000 -LEADER
fixed length control field 01116cad a22002295a 4500
001 - CONTROL NUMBER
control field L155866
008 - FIXED-LENGTH DATA ELEMENTS--GENERAL INFORMATION
fixed length control field 120418e2012 xxk 000 0 eng d
035 ## - SYSTEM CONTROL NUMBER
System control number (Sirsi) u155866
041 0# - LANGUAGE CODE
Language code of text/sound track or separate title eng
110 2# - MAIN ENTRY--CORPORATE NAME
Corporate name or jurisdiction name as entry element Cushman & Wakefield
9 (RLIN) 5888
245 00 - TITLE STATEMENT
Title Financial Markets Weekly Snapshot - Week 16
-- 16 April 2012
Medium [electronic resource]
260 ## - PUBLICATION, DISTRIBUTION, ETC.
Place of publication, distribution, etc. [S.l.]
Name of publisher, distributor, etc. Cushman & Wakefield
Date of publication, distribution, etc. 2012
490 #0 - SERIES STATEMENT
Series statement Cushman & Wakefield Financial Markets Weekly Snapshot
Volume/sequential designation 16 April 2012
520 ## - SUMMARY, ETC.
Summary, etc. Review of the past week's financial and real estate market data for the week commencing 16th April: interest rate swaps ; bonds; equities; spot fx rates; UK annual rpi/cpi data; UK IPD real estate data - February 2012; debt markets; and UK IPD property derivatives.
590 ## - LOCAL NOTE (RLIN)
Local note KA
651 #4 - SUBJECT ADDED ENTRY--GEOGRAPHIC NAME
Geographic name United Kingdom
651 #4 - SUBJECT ADDED ENTRY--GEOGRAPHIC NAME
Geographic name Europe
651 #4 - SUBJECT ADDED ENTRY--GEOGRAPHIC NAME
Geographic name International
690 ## - LOCAL SUBJECT ADDED ENTRY--TOPICAL TERM (OCLC, RLIN)
Topical term or geographic name as entry element Commercial property
9 (RLIN) 6227
856 40 - ELECTRONIC LOCATION AND ACCESS
Uniform Resource Identifier <a href="https://www.cushwake.com/cwglobal/jsp/kcGlobalReportArchive.jsp?Country=GLOBAL&Language=EN&catId=100001&sector=ALL">https://www.cushwake.com/cwglobal/jsp/kcGlobalReportArchive.jsp?Country=GLOBAL&Language=EN&catId=100001&sector=ALL</a>
Public note View this report after free registration with Knowledge Center at www.cushwake.com
942 ## - ADDED ENTRY ELEMENTS (KOHA)
Suppress in OPAC 0
Holdings
Withdrawn status Lost status Source of classification or shelving scheme Damaged status Not for loan Home library Current library Shelving location Date acquired Total Checkouts Full call number Barcode Date last seen Copy number Price effective from Koha item type
    Dewey Decimal Classification     Virtual Virtual Online 18/04/2012   ONLINE PUBLICATION 155866-2001 06/08/2019 1 06/08/2019 Book